Minecraft Java Edition Advancements (Husbandry) - Statistics

General Stats
  • This quiz has been taken 10 times
  • The average score is 5 of 12
Answer Stats
Description Advancement % Correct
The world is full of friends and food Husbandry
80%
Breed two animals together The Parrots and the Bats
70%
Breed all the animals! Two by Two
60%
Use a Campfire to collect Honey from a Beehive using a Bottle without aggravating the bees Bee Our Guest
50%
Tame an animal Best Friends Forever
50%
Eat everything that is edible, even if it's not good for you A Balanced Diet
40%
Tame all cat variants! A Complete Catalogue
40%
Plant a seed and watch it grow A Seedy Place
40%
Completely use up a diamond hoe, and then reevaluate your life choices / Use a netherite ingot to upgrade a hoe, and then reevaluate your life choices Serious Dedication
40%
Catch a fish... without a fishing rod! Tactical Fishing
30%
Move a Bee Nest, with 3 bees inside, using Silk Touch Total Beelocation
20%
Catch a fish Fishy Business
10%
No matching quizzes found
Score Distribution
Percent of People with Each Score
Percentile by Number Answered
Your Score History
You have not taken this quiz